50 °C Club - Countries with a record temperature over 50 °C. - Statistics

General Stats
  • This quiz has been taken 64 times
  • The average score is 15 of 20
Answer Stats
°C °F Country % Correct
56.7 134.0 United States
93%
50.7 123.3 Australia
89%
54.0 129.2 Iran
89%
52.0 125.6 Saudi Arabia
88%
51.0 123.8 India
84%
52.0 125.6 Mexico
84%
50.5 122.9 China
82%
53.9 129.0 Iraq
82%
53.9 129.0 Kuwait
82%
51.6 124.9 Oman
82%
50.4 122.7 Qatar
80%
52.1 125.8 United Arab Emirates
80%
51.3 124.3 Algeria
79%
53.7 128.7 Pakistan
79%
51.7 125.1 Morocco
73%
54.0 129.2 Israel
70%
55.0 131.0 Tunisia
66%
50.0 122.0 Jordan
64%
50.1 122.2 Turkmenistan
36%
50.0 122.0 South Africa
29%
No matching quizzes found
Score Distribution
Percent of People with Each Score
Percentile by Number Answered
Your Score History
You have not taken this quiz